Gyászfeldolgozás munkahelyi közösségben különös tekintettel a Magyar Honvédség szervezeti kultúrájában
| Szerző: | |
|---|---|
| További közreműködők: | |
| Dokumentumtípus: | Diplomadolgozat |
| Kulcsszavak: | egyén és közösség hadsereg munkahely szervezeti kultúra veszteségek |
| Online Access: | http://dolgozattar.uni-bge.hu/59525 |
MARC
| LEADER | 00000nta a2200000 i 4500 | ||
|---|---|---|---|
| 001 | dolg59525 | ||
| 005 | 20260409145202.0 | ||
| 008 | 260409suuuu hu om 000 hun d | ||
| 040 | |a BGE Dolgozattár Repozitórium |b hun | ||
| 041 | |a hu | ||
| 100 | 1 | |a Berek Barbara | |
| 245 | 1 | 0 | |a Gyászfeldolgozás munkahelyi közösségben különös tekintettel a Magyar Honvédség szervezeti kultúrájában |c Berek Barbara |h [elektronikus dokumentum] |
| 520 | 3 | |a A szakdolgozat a gyászfeldolgozás munkahelyi közösségben, különösen a Magyar Honvédség szervezeti kultúrájában betöltött szerepét vizsgálja. Elméleti áttekintést nyújt a gyász szakaszairól, a veszteségek típusairól, valamint a közösségi támogatás jelentőségéről. Félig strukturált interjúk segítségével feltárja, hogyan segítik a bajtársi kapcsolatok, a pszichológusok és a tábori lelkészek a veszteségek feldolgozását. A kutatás rávilágít a honvédségi gyászfeldolgozás sajátosságaira, a szervezeti támogatás erősségeire és hiányosságaira, valamint javaslatokat fogalmaz meg a családok és érintettek támogatásának fejlesztésére. | |
| 695 | |a egyén és közösség | ||
| 695 | |a hadsereg | ||
| 695 | |a munkahely | ||
| 695 | |a szervezeti kultúra | ||
| 695 | |a veszteségek | ||
| 700 | 1 | |a Takács Dr. Edit |e ths | |
| 856 | 4 | 0 | |u http://dolgozattar.uni-bge.hu/59525/1/Berek_Barbara_Szakdolgozat.pdf |z Dokumentum-elérés |
| 856 | 4 | 0 | |u http://dolgozattar.uni-bge.hu/59525/2/BerekBarbara%20_KeszeiBarbara.pdf |z Dokumentum-elérés |
| 856 | 4 | 0 | |u http://dolgozattar.uni-bge.hu/59525/3/Berek%20Barbara_opponens_biralat_Tak%C3%A1csEdit.pdf |z Dokumentum-elérés |